University-industry relations a case study of the Oxford University : [abstract] /

Elmentve itt :
Bibliográfiai részletek
Szerző: Nagy Benedek
Testületi szerző: Regionális innovációs képesség, versenyképesség és fenntarthatóság (2010) (Szeged)
Dokumentumtípus: Könyv része
Megjelent: 2012
Sorozat:SZTE Gazdaságtudományi Kar közleményei
Regionális innovációs képesség, versenyképesség és fenntarthatóság
Kulcsszavak:Közgazdaságtan - előadáskivonat, Egyetem-ipari kapcsolatok - előadáskivonat
Tárgyszavak:
Online Access:http://acta.bibl.u-szeged.hu/30601
LEADER 01001naa a2200229 i 4500
001 acta30601
005 20220215121309.0
008 161017s2012 hu o 0|| eng d
022 |a 1588-8533 
040 |a SZTE Egyetemi Kiadványok Repozitórium  |b hun 
041 |a eng 
100 1 |a Nagy Benedek 
245 1 0 |a University-industry relations  |h [elektronikus dokumentum] :  |b a case study of the Oxford University : [abstract] /  |c  Nagy Benedek 
260 |c 2012 
300 |a 401 
490 0 |a SZTE Gazdaságtudományi Kar közleményei 
490 0 |a Regionális innovációs képesség, versenyképesség és fenntarthatóság 
650 4 |a Társadalomtudományok 
650 4 |a Közgazdasági és gazdálkodástudományok 
695 |a Közgazdaságtan - előadáskivonat, Egyetem-ipari kapcsolatok - előadáskivonat 
710 |a Regionális innovációs képesség, versenyképesség és fenntarthatóság (2010) (Szeged) 
856 4 0 |u http://acta.bibl.u-szeged.hu/30601/1/gtk_2012_401.pdf  |z Dokumentum-elérés